|
|
|
|
| LEADER |
00000nam a2200000 a 4500 |
| 001 |
vtls001464739 |
| 003 |
SK-MaSNL |
| 005 |
20260301054526.0 |
| 008 |
240314s1923 xx 0 und |
| 035 |
|
|
|a SNK000420044
|
| 040 |
|
|
|a SNK
|b slo
|c SNK
|e AACR2
|
| 100 |
1 |
|
|a Šeracký, František,
|d 1891-1942
|4 aut
|9 186717
|
| 245 |
1 |
0 |
|a Kvantitativní určení barevného kontrastu na rotujících kotoučích
|
| 250 |
|
|
|a 1. čes. vyd.
|
| 260 |
|
|
|a Praha
|b Filosofická fakulta UK
|c 1923
|
| 300 |
|
|
|a 72 s.
|
| 999 |
|
|
|c 611113
|d 613043
|
| 952 |
|
|
|a SNK
|b SNK
|y VYP
|7 0
|p 17A0406197
|o snkIC 82/1
|i snk2567/34
|0 0
|1 0
|4 0
|d 2003-12-04
|l 0
|r 2005-01-02 00:00:00
|w 2026-02-23
|